书目信息 |
| 题名: |
棱镜反射光技术与工程应用
|
|
| 作者: | 张志伟 著 | |
| 分册: | ||
| 出版信息: | 北京 国防工业出版社 2009.03 |
|
| 页数: | 116页 | |
| 开本: | 26cm | |
| 丛书名: | 现代光学技术丛书 | |
| 单 册: | ||
| 中图分类: | TH74 | |
| 科图分类: | ||
| 主题词: | 棱镜--leng jing--光反射--工程光学--技术 | |
| 电子资源: | ||
| ISBN: | 978-7-118-06201-4 | |
| 000 | 01068nam 2200265 450 | |
| 001 | 012010927531 | |
| 005 | 20100104112300.40 | |
| 010 | @a978-7-118-06201-4@dCNY19.00 | |
| 100 | @a20100104d2009 em y0chiy0120 ea | |
| 101 | 0 | @achi |
| 102 | @aCN@b110000 | |
| 105 | @aak a 000yy | |
| 106 | @ar | |
| 200 | 1 | @a棱镜反射光技术与工程应用@Aleng jing fan she guang ji shu yu gong cheng ying yong@f张志伟著@Fzhang zhi wei zhu |
| 210 | @a北京@c国防工业出版社@d2009.03 | |
| 215 | @a116页@c图@d26cm | |
| 225 | 2 | @a现代光学技术丛书@Axian dai guang xue ji shu cong shu |
| 320 | @a有书目 (第110-116页) | |
| 330 | @a本书以消失波特型、棱镜表面等离子体共振特性、受阻全内反射特性和电介质薄膜增强古斯——汉欣位移理论为基础,以棱镜反射光技术与应用为主体内容。包括自聚焦透镜在棱镜型光学传感器中的应用研究、自然聚焦透镜在棱镜型光学传感器中的应用研究等。 | |
| 410 | 0 | @12001 @a现代光学技术丛书 |
| 606 | 0 | @a棱镜@Aleng jing@x光反射@x工程光学@x技术 |
| 690 | @aTH74@v4 | |
| 701 | 0 | @a张志伟@Azhang zhi wei@4著 |
| 801 | 0 | @aCN@bQSSK@c20100104 |
| 905 | @b770715-17@dTH74@eZ257@f3 | |
| 棱镜反射光技术与工程应用/张志伟著.-北京:国防工业出版社,2009.03 |
| 116页:图;26cm.-(现代光学技术丛书) |
| ISBN 978-7-118-06201-4:CNY19.00 |
| 本书以消失波特型、棱镜表面等离子体共振特性、受阻全内反射特性和电介质薄膜增强古斯——汉欣位移理论为基础,以棱镜反射光技术与应用为主体内容。包括自聚焦透镜在棱镜型光学传感器中的应用研究、自然聚焦透镜在棱镜型光学传感器中的应用研究等。 |
| ● |
| 相关链接 |
|
|
|
正题名:棱镜反射光技术与工程应用
索取号:TH74/Z257
 
预约/预借
| 序号 | 登录号 | 条形码 | 馆藏地/架位号 | 状态 | 备注 |
| 1 | 770715 | 207707150 | 自科库501/501自科库 135排4列2层/ [索取号:TH74/Z257] | 在馆 | |
| 2 | 770716 | 207707169 | 自科库501/501自科库 135排4列2层/ [索取号:TH74/Z257] | 在馆 | |
| 3 | 770717 | 207707178 | 期刊室512/501自科库 135排4列1层/ [索取号:TH74/Z257] | 在馆 |